01717nam a22002297a 450000500170000000800410001704000440005804100080010208200120011010000630012224200600018524500610024526001360030630000350044249000720047750005100054950503230105950600210138254600230140365000210142665000400144720240429153423.0130821n fr fr f spa  aCo-BoUCMbspacSandra YazodSandra Yazo0 aspa04a8432201 a Vogüé, Eugène-Melchior,‏cvizconded1848-1910‏ 00aLos muertos que hablancpor ... E. M. De Voguéyspa14aLes morts qui parlent cpar le Vte E. M. De Vogué … aMadrid (España)bLibrairie Plon ; Les petits-fils de Plon-Nourrit [Librería Plon ; Nietos de Plon-Nourrit]c[fecha desconocida] a382, [1] páginasc18 x 12 cm0 aScènes de la vie parlamentaire [Escenas de la vida Parlamentaria] aDetalles físicos: Sin encuadernación original, actualmente, encuadernación rígida (holandesa) en cartón forrado en papel negro; lomo de tela con letras y líneas en dorado. Guardas. Hoja de cortesía. Anteportada. Portada, impresa en una sola tinta, con la marca tipográfica del editor. Dedicatoria. Texto impreso en una sola columna, con diferentes tipos y tamaños de letra. Cortes decorados (jaspeado rojo). Índice. Papel con oxidación. Anotaciones con lápiz en la guarda posterior1 aEl orador ; La desgracia de Job ; La ascención de Elzéar ; En el hotel Sinda ; La iniciación ; Los de antes ; Rosa Ester ; En familia ; Baño de odio ; Un corazón vacilante ; La sesión continua ; Los sudaneses ; Panamá ; En Versalles ; El derrumbamiento ; Las penas de Jacques ; María ; Muerte y vida… aConsulta en sala aTexto en francés 7aNovela francesa  7aLiteratura francesa ySiglos XIX-XX